Normal view MARC view
  • MS Structural Engineering.

Entry Topical Term

Number of records used in: 12

001 - CONTROL NUMBER

  • control field: 27335

003 - CONTROL NUMBER IDENTIFIER

  • control field: NUST

005 - DATE AND TIME OF LATEST TRANSACTION

  • control field: 20200104155705.0

008 - FIXED-LENGTH DATA ELEMENTS

  • fixed length control field: 200104|| aca||aabn | a|a d

040 ## - CATALOGING SOURCE

  • Original cataloging agency: NUST
  • Transcribing agency: NUST

150 ## - HEADING--TOPICAL TERM

  • Topical term or geographic name entry element: MS Structural Engineering.

670 ## - SOURCE DATA FOUND

  • Source citation: Work cat.: (NUST): Khan, Hasnain 27334, Application of Effective Micro-Organisms Technology (EMT) in Self-Compacting Cement Based Formulstions /, 2017.
© 2023 Central Library, National University of Sciences and Technology. All Rights Reserved.